000 00713nam a2200217Ii 4500
003 JO-AjNU
008 230605s9999||||xx |||||||||||||| ||und||
017 _a2007/8/2488
040 _aJO-AjNU
_bara
_erda
_cJO-AjNU
041 _aara
050 1 4 _aQA76.9.A25 J3828 2008
100 3 _aصادق، دلال / م. مشارك حميد ناصر الفتال ,
_eauthor
_928796
245 0 0 _aامن المعلومات=information security
250 _aط العربية
264 3 1 _aعمان:دار اليازوري، 2008
300 _a148ص
336 _atext
_btxt
_2rdacontent
337 _aunmediated
_bn
_2rdamedia
338 _avolume
_bnc
_2rdacarrier
650 4 _a أمن المعلومات 
_928797
999 _aA11213
_c14781
_d14781